01522nam a2200265Ia 4500952009900000952011100099999001700210005001700227008004100244020001500285020001800300050002000318100003900338245006600377260003300443300004100476504004500517505037800562519009300940519008901033650004801122650003201170700004701202942000701249 00104070a17b22d2010-07-28l0oC HF1373 H56 2003p17 000031r2024-09-28t1w2012-06-26yLB 00102lcc4070a20b20d2018-03-02l2oHF1373 H5518p20 000445r2022-08-10s2022-08-09t1w2018-03-02yLB c73058d7305820231102151109.0120626s2003 mx a 000 0 spa d a9702403545 a978970240354814aC HF1373bH55181 aHinkelman, Edward G.dautor93423710aDiccionario de comercio internacionalc / Edward G. Hinkelman aMéxicob : Patriac , 2003 a538 páginasbilustraciones, tablas aIncluye: Tabla de contenido Apéndices  aDiccionario de comercio internacional Apéndices: Acrónimos y abreviaturas Guía para marcación internacional Mapas del mundo Monedas del mundo Entidades comerciales de todo el munto Pesos y monedas Guía de Icoterms 2000 Cartas de crédito Guía de contenedores de carga marítima Guía de contenedores para carga aérea Recursos para el comercio internacional aPlan Flexible / bAdministración / cEstrategias Comerciales (P17-3) / d(17 000031)  aPlan Flexible / bAdministración / cEstrategias comerciales (P17) / d(20 000445)14aCOMERCIO INTERNACIONAL xDICCIONARIOS94795 0aCOMERCIO INTERNACIONAL9401 aHass García, Andrés Robertoetraductor cLB